000 00722nam a2200241 a 4500
001 44921
003 BD-RjUL
005 20211209053934.0
008 160721s1960 nyu b 000 0 eng
035 _a(BD-RjUL)45039
040 _aDLC
_cAMobU
_dOCoLC
_dIDeKN
_dBD-RjUL
_dDLC
_beng
041 _aeng
082 _223
_a190.9
_bROS 1960
100 1 _aRogers, Arthur Kenyon.
_d1868-1936
_9137665
245 1 2 _aA student's history of philosophy /
_cby Arthur Kenyon Rogers.
250 _a3d ed.
260 _aNew York :
_bMacmillan,
_cc1932 [printing 1960]
300 _axii, 464 p. ;
_c20 cm.
504 _aIncludes bibliographies.
650 0 _aPhilosophy
_xHistory.
_9137666
942 _2ddc
_cBK
999 _c44921
_d44921